Leader xxxxxxxxxx
001 __ PCLIS00035995
005 __ 20230301150758.0
009 __ |a(CIP)94002005
009 __ |a(CIP)96025712
010 0_ |a986-7450-20-5|b卷一 : 平裝|dNT$180
010 0_ |a986-7450-21-3|b卷二 : 平裝|dNT$180
010 0_ |a986-7450-28-0|b卷三 : 平裝|dNT$180
010 0_ |a986-7450-29-9|b卷四 : 平裝|dNT$180
010 0_ |a986-7450-36-1|b卷五 : 平裝|dNT$180
010 0_ |a986-7450-37-X|b卷六 : 平裝|dNT$180
010 0_ |a986-7450-49-3|b卷七 : 平裝|dNT$180
010 0_ |a986-7450-50-7|b卷八 : 平裝|dNT$180
010 0_ |a978-986-7450-70-8|b卷九 : 平裝|dNT$180
010 0_ |a986-7450-70-1|b卷九 : 平裝|dNT$180
010 0_ |a978-986-7450-71-5|b卷十 : 平裝|dNT$180
010 0_ |a986-7450-71-X|b卷十 : 平裝|dNT$180
010 0_ |a978-986-7450-94-4|b卷十一 : 平裝|dNT$180
010 0_ |a978-986-6815-03-4|b卷十二 : 平裝|dNT$180
010 0_ |a978-986-6815-44-7|b卷十三 : 平裝|dNT$199
010 0_ |a978-986-6815-74-4|b卷十四 : 平裝|dNT$199
010 0_ |a978-986-6473-29-6|b卷十五 : 平裝|dNT$199
010 0_ |a978-986-6473-52-4|b卷十六 : 平裝|dNT$199
010 0_ |a978-986-6157-12-7|b卷十七 : 平裝|dNT$199
010 0_ |a978-986-6157-43-1|b卷十八 : 平裝|dNT$199
010 0_ |a978-986-3190-04-2|b卷十九 : 平裝|dNT$199
010 0_ |a978-986-3190-63-9|b卷二十 : 平裝|dNT$250
050 __ |a101659158
100 __ |a20051021g20052013m y0chiy09 e
101 0_ |achi
102 __ |atw
105 __ |aaf z 000ad
200 1_ |a獵命師傳奇|dFateHunter|zeng|f九把刀(Giddens)著
205 __ |a初版
210 __ |a臺北市|c蓋亞文化|d2005-2013[民94-102]
215 0_ |a20冊|c部分彩圖|d20公分
225 1_ |a悅讀館|vRE001,011-019,081-090
|